[Event "Titled Tuesday intern op 18th Jun Late"]
[Site "Chess.com INT"]
[Date "2024.06.18"]
[Round "2"]
[White "Al Hosani, Omran"]
[Black "Mischuk, Dmitry"]
[Result "1-0"]
[WhiteElo "2216"]
[BlackElo "2298"]
[PlyCount "89"]
[EventDate "2024.06.18"]
[EventType "swiss (blitz)"]
[EventRounds "11"]
[EventCountry "USA"]
[SourceTitle "EXT 2025"]
[Source "ChessBase"]
[SourceDate "2024.10.14"]
[SourceVersion "1"]
[SourceVersionDate "2024.10.14"]
[SourceQuality "1"]

1. e4 e5 2. Nf3 Nc6 3. Bb5 a6 4. Ba4 Nf6 5. 0-0 b5 6. Bb3 Bc5 7. c3 d6 8. d4 Bb6 9. h3 0-0 10. a4 Rb8 11. Be3 Na5 12. Bc2 Bb7 13. dxe5 dxe5 14. Bxb6 cxb6 15. axb5 axb5 16. Nxe5 Bxe4 17. Qxd8 Rbxd8 18. Bxe4 Nxe4 19. b4 Nc4 20. Nxc4 bxc4 21. Na3 Rc8 22. Nb5 Rfd8 23. Rfe1 Nf6 24. Ra7 Rd7 25. Rxd7 Nxd7 26. Nd6 Rd8 27. Nxc4 Rc8 28. Re7 Rxc4 29. Rxd7 g6 30. Rd3 Re4 31. Re3 Rc4 32. Kf1 Kf8 33. Ke2 Rc6 34. Kd3 Rd6+ 35. Kc4 h5 36. Kb5 Kg7 37. c4 g5 38. c5 bxc5 39. bxc5 Rd2 40. c6 Rb2+ 41. Kc4 Rb8 42. Kc5 Rb2 43. Rc3 Rb8 44. c7 Rg8 45. Kd6 1-0

[Event "Titled Tuesday intern op 04th Jun Late"]
[Site "Chess.com INT"]
[Date "2024.06.04"]
[Round "6"]
[White "Zhigalko, Sergei"]
[Black "Mischuk, Dmitry"]
[Result "1-0"]
[WhiteElo "2572"]
[BlackElo "2298"]
[PlyCount "53"]
[EventDate "2024.06.04"]
[EventType "swiss (blitz)"]
[EventRounds "11"]
[EventCountry "USA"]
[SourceTitle "EXT 2025"]
[Source "ChessBase"]
[SourceDate "2024.10.14"]
[SourceVersion "1"]
[SourceVersionDate "2024.10.14"]
[SourceQuality "1"]

1. e4 c5 2. Nf3 d6 3. d4 cxd4 4. Qxd4 Nf6 5. Nc3 Nc6 6. Bb5 Bd7 7. Bxc6 Bxc6 8. Bg5 e6 9. 0-0-0 Be7 10. Rhe1 Qa5 11. Kb1 0-0 12. Qd2 Qc7 13. Nd4 Rfc8 14. f3 Rab8 15. g4 b5 16. Nce2 Be8 17. Ng3 b4 18. Rg1 a5 19. Nh5 Nxh5 20. gxh5 a4 21. Rg2 b3 22. cxb3 axb3 23. a3 Ba4 24. Rdg1 e5 25. Bxe7 Qxe7 26. Rxg7+ Kh8 27. Qh6 1-0

[Event "Titled Tuesday intern op 21st May Late"]
[Site "Chess.com INT"]
[Date "2024.05.21"]
[Round "1"]
[White "Brilej, Jaka"]
[Black "Mischuk, Dmitry"]
[Result "0-1"]
[WhiteElo "2280"]
[BlackElo "2298"]
[PlyCount "174"]
[EventDate "2024.05.21"]
[EventType "swiss (blitz)"]
[EventRounds "11"]
[EventCountry "USA"]
[SourceTitle "CBM 220 Extra"]
[Source "ChessBase"]
[SourceDate "2024.07.31"]
[SourceVersion "1"]
[SourceVersionDate "2024.07.31"]
[SourceQuality "1"]

1. c4 e6 2. Nf3 d5 3. e3 Nf6 4. b3 Bd6 5. Bb2 b6 6. Be2 Bb7 7. 0-0 0-0 8. Nc3 a6 9. d4 Nbd7 10. Qc2 Re8 11. Rfd1 Rc8 12. Rac1 Qe7 13. h3 Ne4 14. Nxe4 dxe4 15. Ne5 Nxe5 16. dxe5 Ba3 17. Bxa3 Qxa3 18. Rd2 h6 19. c5 Qa5 20. Qc3 Qxc3 21. Rxc3 Rcd8 22. Rxd8 Rxd8 23. cxb6 cxb6 24. Rc7 Bd5 25. Bxa6 Ra8 26. Rc8+ Rxc8 27. Bxc8 Kf8 28. Kf1 Ke7 29. Ke2 Kd8 30. Ba6 Kc7 31. Bb5 f6 32. g3 fxe5 33. Kd2 Kd6 34. h4 Kc5 35. Be2 Kb4 36. Kc2 Ka3 37. Kb1 Bc6 38. Bf1 Bd7 39. Bc4 b5 40. Be2 Kb4 41. Kb2 Kc5 42. Kc3 b4+ 43. Kb2 Bc6 44. a3 Bd5 45. a4 Kb6 46. Bc4 Ka5 47. Be2 Kb6 48. Kc2 Kc5 49. Bf1 Bb7 50. Bc4 Bd5 51. Be2 g5 52. hxg5 hxg5 53. Bg4 Kb6 54. Bd1 Kc7 55. Kd2 Kd6 56. Ke1 Kc5 57. Kf1 Kd6 58. Kg2 Ke7 59. Kh3 Kf6 60. Bc2 Bb7 61. Bd1 Kf5 62. Be2 Bd5 63. Bd1 Kf6 64. a5 Bb7 65. Be2 Bd5 66. Bd1 Bb7 67. Bc2 Kf7 68. Kg4 Kf6 69. Bb1 Bd5 70. Bc2 Bb7 71. Kh5 Kf5 72. g4+ Kf6 73. Kh6 Bd5 74. a6 Bc6 75. a7 Bd5 76. Bd1 Bc6 77. Be2 Bd5 78. Bb5 Bb7 79. Bd7 Ba8 80. Bc8 Bc6 81. Kh7 Bd5 82. Kg8 Ke7 83. Kg7 Kd8 84. Ba6 Kc7 85. Bc4 Kb7 86. Be2 Bxb3 87. Bd1 Bxd1 0-1

[Event "Titled Tuesday intern op 21st May Late"]
[Site "Chess.com INT"]
[Date "2024.05.21"]
[Round "3"]
[White "Martinez Pla, Xavier"]
[Black "Mischuk, Dmitry"]
[Result "0-1"]
[WhiteElo "2261"]
[BlackElo "2298"]
[PlyCount "80"]
[EventDate "2024.05.21"]
[EventType "swiss (blitz)"]
[EventRounds "11"]
[EventCountry "USA"]
[SourceTitle "CBM 220 Extra"]
[Source "ChessBase"]
[SourceDate "2024.07.31"]
[SourceVersion "1"]
[SourceVersionDate "2024.07.31"]
[SourceQuality "1"]

1. e4 c5 2. Nf3 Nc6 3. Bc4 Nf6 4. e5 Ng4 5. Qe2 Qc7 6. Bxf7+ Kxf7 7. Ng5+ Kg8 8. Qxg4 Qxe5+ 9. Kd1 d5 10. Qh4 Qf6 11. Nc3 e6 12. Qg3 Nd4 13. d3 h6 14. Nf3 Nxf3 15. gxf3 Kh7 16. Bf4 Rg8 17. Be5 Qf7 18. Kd2 Bd7 19. Rae1 Be7 20. f4 Raf8 21. Re2 Bf6 22. Kc1 Bxe5 23. fxe5 Bc6 24. Rg1 d4 25. Ne4 Bxe4 26. Rxe4 Qxf2 27. Qg6+ Kh8 28. b3 Qf5 29. Qg3 Rf7 30. Rh4 Rgf8 31. Kb2 b5 32. Rg4 Rg8 33. Rh4 Rff8 34. Rg4 Qf7 35. Rg6 Kh7 36. h4 c4 37. h5 c3+ 38. Ka3 Qe7+ 39. b4 a5 40. Rxh6+ gxh6 0-1

[Event "Titled Tuesday intern op 21st May Late"]
[Site "Chess.com INT"]
[Date "2024.05.21"]
[Round "5"]
[White "Mischuk, Dmitry"]
[Black "Karas, Marek"]
[Result "1-0"]
[WhiteElo "2298"]
[BlackElo "2174"]
[PlyCount "65"]
[EventDate "2024.05.21"]
[EventType "swiss (blitz)"]
[EventRounds "11"]
[EventCountry "USA"]
[SourceTitle "CBM 220 Extra"]
[Source "ChessBase"]
[SourceDate "2024.07.31"]
[SourceVersion "1"]
[SourceVersionDate "2024.07.31"]
[SourceQuality "1"]

1. d4 Nf6 2. c4 c5 3. d5 b5 4. Qc2 bxc4 5. e4 e6 6. Nc3 d6 7. Bxc4 exd5 8. Nxd5 Be7 9. Nxf6+ Bxf6 10. Bd5 Na6 11. Bxa8 Nb4 12. Qc4 0-0 13. Bd5 Ba6 14. Qb3 Nd3+ 15. Kd2 Qa5+ 16. Kc2 Nxf2 17. Bd2 Qc7 18. Qa4 Bd3+ 19. Kc1 Rb8 20. Bc3 Bxc3 21. bxc3 Nxh1 22. Nh3 c4 23. Kd2 Rb2+ 24. Kc1 Qb8 25. Qd7 Rb1+ 26. Rxb1 Qxb1+ 27. Kd2 Qc2+ 28. Ke3 Qc1+ 29. Kd4 h5 30. Qxf7+ Kh7 31. Qxh5+ Qh6 32. Ng5+ Kh8 33. Qe8# 1-0

[Event "Titled Tuesday intern op 14th May Late"]
[Site "Chess.com INT"]
[Date "2024.05.14"]
[Round "5"]
[White "Bacrot, Etienne"]
[Black "Mischuk, Dmitry"]
[Result "0-1"]
[WhiteElo "2684"]
[BlackElo "2298"]
[PlyCount "104"]
[EventDate "2024.05.14"]
[EventType "swiss (blitz)"]
[EventRounds "11"]
[EventCountry "USA"]
[SourceTitle "CBM 220 Extra"]
[Source "ChessBase"]
[SourceDate "2024.07.31"]
[SourceVersion "1"]
[SourceVersionDate "2024.07.31"]
[SourceQuality "1"]

1. e4 e6 2. d4 d5 3. exd5 exd5 4. Nf3 Nf6 5. Bd3 c5 6. c3 Nc6 7. 0-0 cxd4 8. Re1+ Be7 9. Nxd4 Nxd4 10. cxd4 0-0 11. Nc3 h6 12. Bf4 Bd6 13. Be5 Be6 14. Nb5 Bb8 15. Rc1 a6 16. Nc7 Bxc7 17. Rxc7 b5 18. Bb1 Rc8 19. Rxc8 Bxc8 20. Qc2 g6 21. Qc6 Ne4 22. f3 Ng5 23. Bxg6 Be6 24. Bb1 Qc8 25. Rc1 Qd8 26. Qc2 f5 27. Qd2 Nf7 28. Bf4 Kg7 29. Kf2 Qf6 30. Re1 Rc8 31. a3 Rc4 32. Rd1 Qd8 33. b3 Rc6 34. Qe3 Qf6 35. Kg1 Qe7 36. h3 Qxa3 37. Kh2 Qe7 38. Re1 Qf6 39. Bg3 a5 40. Bf4 a4 41. bxa4 bxa4 42. Qa3 Rc4 43. Be3 f4 44. Bf2 Bf5 45. Ba2 Rc2 46. Kg1 Qg6 47. Bxd5 Bxh3 48. g4 fxg3 49. Be3 Rg2+ 50. Kh1 Rh2+ 51. Kg1 Qc2 52. f4 Rh1+ 0-1

[Event "Titled Tuesday intern op 07th May Late"]
[Site "Chess.com INT"]
[Date "2024.05.07"]
[Round "9"]
[White "Le, Quang Liem"]
[Black "Mischuk, Dmitry"]
[Result "1-0"]
[WhiteElo "2731"]
[BlackElo "2298"]
[PlyCount "73"]
[EventDate "2024.05.07"]
[EventType "swiss (blitz)"]
[EventRounds "11"]
[EventCountry "USA"]
[SourceTitle "EXT 2025"]
[Source "ChessBase"]
[SourceDate "2024.10.14"]
[SourceVersion "1"]
[SourceVersionDate "2024.10.14"]
[SourceQuality "1"]

1. Nf3 d5 2. e3 Nf6 3. c4 e6 4. Nc3 a6 5. b3 Bd6 6. Bb2 0-0 7. Rc1 b6 8. cxd5 Nxd5 9. Nxd5 exd5 10. g3 Nd7 11. Bg2 Nf6 12. 0-0 h6 13. Ne5 Bb7 14. Nc6 Qd7 15. Bxf6 Bxc6 16. Rxc6 Qxc6 17. Qg4 g6 18. Qh4 Ba3 19. Bxd5 Qd6 20. Bxa8 Rxa8 21. Bc3 h5 22. g4 Qe7 23. Bf6 Qc5 24. d4 Qd5 25. gxh5 Qxh5 26. Qxh5 gxh5 27. Kg2 Bd6 28. f4 Kh7 29. e4 Rg8+ 30. Kf3 Bb4 31. Rc1 c5 32. d5 Bd2 33. Rd1 Ba5 34. d6 b5 35. Rd5 Bd8 36. Rxh5+ Kg6 37. Rg5+ 1-0

[Event "Titled Tuesday intern op 07th May Early"]
[Site "Chess.com INT"]
[Date "2024.05.07"]
[Round "4"]
[White "Mischuk, Dmitry"]
[Black "Vlassov, Nikolai"]
[Result "1-0"]
[WhiteElo "2298"]
[BlackElo "2299"]
[PlyCount "85"]
[EventDate "2024.05.07"]
[EventType "swiss (blitz)"]
[EventRounds "11"]
[EventCountry "USA"]
[SourceTitle "EXT 2025"]
[Source "ChessBase"]
[SourceDate "2024.10.14"]
[SourceVersion "1"]
[SourceVersionDate "2024.10.14"]
[SourceQuality "1"]

1. d4 Nf6 2. c4 Nc6 3. Nc3 e5 4. d5 Ne7 5. h4 Neg8 6. a3 Bc5 7. e3 a5 8. b3 d6 9. Bb2 c6 10. dxc6 bxc6 11. Na4 Ba7 12. c5 Bxc5 13. Nxc5 dxc5 14. Qxd8+ Kxd8 15. Bxe5 Be6 16. Bc4 Ke7 17. Nf3 a4 18. Bxe6 Kxe6 19. bxa4 Rxa4 20. 0-0 Ne7 21. Rfc1 c4 22. Bc3 Ned5 23. Nd4+ Kd7 24. Nf5 Rha8 25. Nxg7 Rxa3 26. Rxa3 Rxa3 27. Bxf6 Nxf6 28. Rxc4 Ra5 29. g3 c5 30. Kg2 Kc6 31. Rf4 Nd5 32. Rxf7 c4 33. Ne6 c3 34. Nd4+ Kd6 35. Rxh7 Ra2 36. Kf3 c2 37. Rh6+ Kd7 38. Rc6 Nb4 39. Rc4 Rb2 40. h5 Kd6 41. h6 Kd5 42. Rc8 Nd3 43. Nxc2 1-0

[Event "Titled Tuesday intern op 07th May Early"]
[Site "Chess.com INT"]
[Date "2024.05.07"]
[Round "9"]
[White "Vakhlamov, Igor L"]
[Black "Mischuk, Dmitry"]
[Result "1/2-1/2"]
[WhiteElo "2413"]
[BlackElo "2298"]
[PlyCount "126"]
[EventDate "2024.05.07"]
[EventType "swiss (blitz)"]
[EventRounds "11"]
[EventCountry "USA"]
[SourceTitle "EXT 2025"]
[Source "ChessBase"]
[SourceDate "2024.10.14"]
[SourceVersion "1"]
[SourceVersionDate "2024.10.14"]
[SourceQuality "1"]

1. e4 e6 2. d4 d5 3. Nc3 Bb4 4. exd5 exd5 5. Bd3 Nf6 6. Nf3 0-0 7. 0-0 Bg4 8. h3 Bh5 9. Bg5 c6 10. g4 Bg6 11. Ne5 Bxd3 12. Qxd3 Be7 13. Rae1 h6 14. Bh4 Nbd7 15. Re3 Nxe5 16. Rxe5 Bd6 17. Re2 Bf4 18. Rfe1 Qd6 19. Bxf6 Qxf6 20. Re7 Rab8 21. Kg2 Bd6 22. Rd7 Rfd8 23. Rxd8+ Rxd8 24. Nd1 Qf4 25. Rh1 Re8 26. c3 g6 27. Ne3 h5 28. Qd1 h4 29. Qf3 Qg5 30. Re1 Re4 31. Nc2 f5 32. Rxe4 dxe4 33. Qe3 Bf4 34. Qe2 Bc1 35. Ne1 Kg7 36. c4 Qd2 37. Qxd2 Bxd2 38. Nc2 Kf6 39. f3 Kg5 40. fxe4 fxg4 41. d5 Bf4 42. Nd4 Be5 43. dxc6 bxc6 44. Nxc6 Bxb2 45. Nxa7 gxh3+ 46. Kxh3 Kh5 47. c5 g5 48. c6 g4+ 49. Kg2 h3+ 50. Kf1 Be5 51. Nb5 g3 52. c7 g2+ 53. Kf2 Bh2 54. c8Q g1Q+ 55. Ke2 Qg4+ 56. Qxg4+ Kxg4 57. Nd4 Bb8 58. Nf3 Kf4 59. a4 Kxe4 60. Ng5+ Kd4 61. Nxh3 Kc4 62. a5 Kb5 63. a6 Kxa6 1/2-1/2

[Event "Titled Tuesday intern op 07th May Late"]
[Site "Chess.com INT"]
[Date "2024.05.07"]
[Round "10"]
[White "Vlassov, Nikolai"]
[Black "Mischuk, Dmitry"]
[Result "1/2-1/2"]
[WhiteElo "2299"]
[BlackElo "2298"]
[PlyCount "153"]
[EventDate "2024.05.07"]
[EventType "swiss (blitz)"]
[EventRounds "11"]
[EventCountry "USA"]
[SourceTitle "EXT 2025"]
[Source "ChessBase"]
[SourceDate "2024.10.14"]
[SourceVersion "1"]
[SourceVersionDate "2024.10.14"]
[SourceQuality "1"]

1. e4 e6 2. d4 d5 3. exd5 exd5 4. Nf3 Nf6 5. c4 Bb4+ 6. Nc3 0-0 7. Bd3 dxc4 8. Bxc4 Bg4 9. 0-0 Nc6 10. Bg5 h6 11. Bh4 Bxf3 12. Qxf3 Qxd4 13. Bxf6 Qxf6 14. Qxf6 gxf6 15. Nd5 Bd6 16. Nxf6+ Kg7 17. Nh5+ Kg6 18. Ng3 f5 19. Rad1 h5 20. Bd5 h4 21. Ne2 Ne7 22. Bb3 Rfd8 23. Rfe1 Bb4 24. Nc3 Rxd1 25. Rxd1 a6 26. Ne2 Bd6 27. Nd4 Kf6 28. Re1 Rd8 29. Re6+ Kg7 30. Nf3 Rh8 31. Kf1 h3 32. g3 Ng6 33. Nd4 Rf8 34. Bc2 Ne7 35. Rxe7+ Bxe7 36. Ne6+ Kf6 37. Nxf8 Bxf8 38. Ke2 Bc5 39. Kf3 Kg5 40. Bd3 Bd4 41. b3 c6 42. Bf1 b5 43. Bxh3 c5 44. Bf1 Kf6 45. Bd3 Bc3 46. a4 c4 47. bxc4 bxa4 48. c5 a3 49. Bc4 Bd4 50. c6 Bb6 51. h4 Bc7 52. Ke2 a5 53. Kf1 Bd8 54. Kg2 Ke5 55. h5 Kd6 56. h6 Kxc6 57. h7 Bf6 58. Kf3 Kc5 59. Be6 Be5 60. g4 fxg4+ 61. Kxg4 Kd4 62. f4 Bg7 63. f5 Ke5 64. Kg5 Bf6+ 65. Kg6 Bh8 66. Kf7 a4 67. Kg8 Bf6 68. h8Q Bxh8 69. Kxh8 a2 70. Bxa2 Kxf5 71. Kg7 Ke4 72. Kf6 Kd4 73. Bg8 a3 74. Bf7 Ke4 75. Be6 Kd4 76. Bf7 a2 77. Bxa2 1/2-1/2

[Event "Titled Tuesday intern op 30th Apr Late"]
[Site "Chess.com INT"]
[Date "2024.04.30"]
[Round "4"]
[White "Kollars, Dmitrij"]
[Black "Mischuk, Dmitry"]
[Result "1-0"]
[WhiteElo "2635"]
[BlackElo "2298"]
[PlyCount "75"]
[EventDate "2024.04.30"]
[EventType "swiss (blitz)"]
[EventRounds "11"]
[EventCountry "USA"]
[SourceTitle "EXT 2025"]
[Source "ChessBase"]
[SourceDate "2024.10.14"]
[SourceVersion "1"]
[SourceVersionDate "2024.10.14"]
[SourceQuality "1"]

1. e4 e6 2. d4 d5 3. Nc3 Bb4 4. Nge2 dxe4 5. a3 Bxc3+ 6. Nxc3 Nc6 7. Bb5 Nge7 8. Bf4 0-0 9. Bxc6 Nxc6 10. d5 e5 11. Bg3 Ne7 12. Bxe5 Ng6 13. Qd4 Nxe5 14. Qxe5 Re8 15. Qf4 f5 16. 0-0-0 Bd7 17. h4 Rc8 18. f3 Qf6 19. Rhe1 exf3 20. gxf3 Qd6 21. Qd4 a6 22. f4 Qh6 23. Rg1 Re7 24. Kb1 Rce8 25. h5 b6 26. Qc4 Qd6 27. h6 Qxh6 28. d6+ Be6 29. Nd5 Rd7 30. dxc7 Rc8 31. Qc6 Kh8 32. Nxb6 Rxd1+ 33. Rxd1 Ba2+ 34. Kxa2 Qxc6 35. Rd8+ Qe8 36. Nxc8 Qg8+ 37. Rxg8+ Kxg8 38. Nd6 1-0

[Event "Titled Tuesday intern op 23rd Apr Late"]
[Site "Chess.com INT"]
[Date "2024.04.23"]
[Round "3"]
[White "Merino Garcia, Rafael"]
[Black "Mischuk, Dmitry"]
[Result "0-1"]
[WhiteElo "2382"]
[BlackElo "2298"]
[PlyCount "86"]
[EventDate "2024.04.23"]
[EventType "swiss (blitz)"]
[EventRounds "11"]
[EventCountry "USA"]
[SourceTitle "CBM 219 Extra"]
[Source "ChessBase"]
[SourceDate "2024.05.31"]
[SourceVersion "1"]
[SourceVersionDate "2024.05.31"]
[SourceQuality "1"]

1. d4 d5 2. Nf3 e6 3. c4 c6 4. e3 Nf6 5. Nbd2 Nbd7 6. Bd3 Bd6 7. 0-0 0-0 8. e4 e5 9. cxd5 cxd5 10. exd5 exd4 11. Nc4 Bc5 12. Bg5 h6 13. Bh4 Re8 14. Bc2 b5 15. Na3 Qb6 16. Qd3 Ba6 17. Rad1 Bxa3 18. bxa3 b4 19. Qxd4 Bxf1 20. Kxf1 Qa6+ 21. Bd3 Qxa3 22. Bb5 Re4 23. Qd2 Rb8 24. Bc6 Qa6+ 25. Kg1 Qe2 26. Bg3 Rbe8 27. h3 Qxd2 28. Rxd2 Re2 29. Rd4 a5 30. d6 Rxa2 31. Bh4 Rd8 32. Nd2 Ne5 33. Bb5 g5 34. Bg3 Ned7 35. Kh2 Rb8 36. Bc6 b3 37. Nxb3 Rxb3 38. Rc4 Rxg3 39. Kxg3 Rd2 40. Bxd7 Nxd7 41. Ra4 Rd5 42. Kg4 Kg7 43. f4 Nf6+ 0-1

[Event "Titled Tuesday intern op 23rd Apr Late"]
[Site "Chess.com INT"]
[Date "2024.04.23"]
[Round "4"]
[White "Mischuk, Dmitry"]
[Black "Biastoch, Bennet"]
[Result "1-0"]
[WhiteElo "2298"]
[BlackElo "2211"]
[PlyCount "93"]
[EventDate "2024.04.23"]
[EventType "swiss (blitz)"]
[EventRounds "11"]
[EventCountry "USA"]
[SourceTitle "CBM 219 Extra"]
[Source "ChessBase"]
[SourceDate "2024.05.31"]
[SourceVersion "1"]
[SourceVersionDate "2024.05.31"]
[SourceQuality "1"]

1. d4 Nf6 2. c4 e6 3. Nf3 d5 4. g3 dxc4 5. Bg2 c6 6. 0-0 b5 7. b3 cxb3 8. Qxb3 Bb7 9. a4 a6 10. Bb2 b4 11. Rc1 a5 12. Nbd2 Be7 13. Ne5 0-0 14. e3 Nd5 15. Rc2 Bf6 16. Nd3 Nd7 17. Rac1 Rc8 18. Ne4 Be7 19. Nec5 Nxc5 20. Nxc5 Bxc5 21. Rxc5 Nf6 22. h3 Nd7 23. R5c2 Qb6 24. Qd3 Rfd8 25. Qe4 Nf6 26. Qe5 Nd7 27. Qf4 Nf6 28. g4 Nd5 29. Qe5 Qc7 30. Qxc7 Rxc7 31. Rc5 Ra8 32. Bxd5 exd5 33. Rxd5 cxd5 34. Rxc7 Ba6 35. Rc5 Bc4 36. e4 Bb3 37. exd5 Bxa4 38. d6 Kf8 39. Rc7 Bb5 40. d5 a4 41. Rb7 Be8 42. Rxb4 a3 43. Ba1 Rd8 44. Rb6 Rc8 45. Kg2 Rc1 46. Bd4 Rd1 47. Bc5 1-0

[Event "Titled Tuesday intern op 23rd Apr Late"]
[Site "Chess.com INT"]
[Date "2024.04.23"]
[Round "8"]
[White "Mischuk, Dmitry"]
[Black "Sargsyan, Shant"]
[Result "0-1"]
[WhiteElo "2298"]
[BlackElo "2637"]
[PlyCount "104"]
[EventDate "2024.04.23"]
[EventType "swiss (blitz)"]
[EventRounds "11"]
[EventCountry "USA"]
[SourceTitle "CBM 219 Extra"]
[Source "ChessBase"]
[SourceDate "2024.05.31"]
[SourceVersion "1"]
[SourceVersionDate "2024.05.31"]
[SourceQuality "1"]

1. e4 g6 2. d4 Nf6 3. Nd2 d5 4. exd5 Bg7 5. Ngf3 0-0 6. Bc4 Nxd5 7. 0-0 Nc6 8. c3 Bf5 9. Re1 Nb6 10. Bb3 a5 11. a4 Qd7 12. Nf1 Rad8 13. Qe2 Bg4 14. Bf4 e6 15. h3 Bxf3 16. Qxf3 Nd5 17. Bg5 Rde8 18. Ne3 Nce7 19. Nc4 Nc6 20. Re2 h6 21. Bd2 Nce7 22. Nxa5 b6 23. Nc4 Nf5 24. Ne5 Qd6 25. Rae1 Rd8 26. Bf4 Nxf4 27. Qxf4 c5 28. dxc5 bxc5 29. Bc2 Ne7 30. Qf3 Nd5 31. Nc4 Qc7 32. a5 Nf4 33. Re4 g5 34. Ra1 f5 35. Ree1 e5 36. a6 e4 37. Qe3 Nd5 38. Qe2 Nf4 39. Qf1 Kh8 40. Red1 Rde8 41. Rd6 g4 42. hxg4 fxg4 43. Qd1 Qf7 44. Qxg4 Qxc4 45. a7 e3 46. a8Q Rxa8 47. Rxa8 Ne2+ 48. Qxe2 Qxe2 49. Rxf8+ Bxf8 50. Rf6 Qxc2 51. Rxf8+ Kg7 52. fxe3 Kxf8 0-1

[Event "Titled Tuesday intern op 23rd Apr Late"]
[Site "Chess.com INT"]
[Date "2024.04.23"]
[Round "6"]
[White "Mischuk, Dmitry"]
[Black "Shankland, Samuel L"]
[Result "0-1"]
[WhiteElo "2298"]
[BlackElo "2671"]
[PlyCount "70"]
[EventDate "2024.04.23"]
[EventType "swiss (blitz)"]
[EventRounds "11"]
[EventCountry "USA"]
[SourceTitle "CBM 219 Extra"]
[Source "ChessBase"]
[SourceDate "2024.05.31"]
[SourceVersion "1"]
[SourceVersionDate "2024.05.31"]
[SourceQuality "1"]

1. d4 d5 2. c4 c6 3. Nc3 Nf6 4. e3 e6 5. Nf3 Nbd7 6. Qc2 b6 7. Be2 Bb7 8. b3 Be7 9. Bb2 0-0 10. 0-0 Qc7 11. Rac1 Rad8 12. Rfd1 Qb8 13. Bf1 Rfe8 14. g3 Nf8 15. Bg2 Ng6 16. a4 dxc4 17. bxc4 c5 18. Qe2 Qa8 19. Nb5 Rc8 20. dxc5 Rxc5 21. Nd6 Bxd6 22. Rxd6 Ne4 23. Rdd1 Rf5 24. Rf1 Ng5 25. Ne1 Bxg2 26. Nxg2 Nf3+ 27. Kh1 Rh5 28. h4 Nfxh4 29. e4 Nf3+ 30. Nh4 Ngxh4 31. gxh4 Rxh4+ 32. Kg2 Rxe4 33. Qd3 Ne1+ 34. Rfxe1 Rxe1+ 35. Kh2 Qh1+ 0-1

[Event "Titled Tuesday intern op 05th Mar Early"]
[Site "Chess.com INT"]
[Date "2024.03.05"]
[Round "1"]
[White "Mischuk, Dmitry"]
[Black "Rosenberg, Evan"]
[Result "0-1"]
[WhiteElo "2298"]
[BlackElo "1982"]
[PlyCount "100"]
[EventDate "2024.03.05"]
[EventType "swiss (blitz)"]
[EventRounds "11"]
[EventCountry "USA"]
[SourceTitle "EXT 2025"]
[Source "ChessBase"]
[SourceDate "2024.10.14"]
[SourceVersion "1"]
[SourceVersionDate "2024.10.14"]
[SourceQuality "1"]

1. e4 e6 2. d4 d5 3. Nd2 c5 4. Ngf3 cxd4 5. Nxd4 Nc6 6. Bb5 Bd7 7. Nxc6 bxc6 8. Bd3 Bd6 9. Qe2 e5 10. exd5 cxd5 11. c4 Nf6 12. cxd5 Nxd5 13. Nc4 Bb4+ 14. Kf1 0-0 15. Nxe5 Be6 16. a3 Bd6 17. Nc4 Bc7 18. Qf3 Rc8 19. Bd2 Nb6 20. Nxb6 Bxb6 21. Bc3 Qh4 22. Qg3 Qh6 23. h3 Rxc3 24. bxc3 Qd2 25. Be2 Qb2 26. Re1 Qxa3 27. Kg1 a5 28. Kh2 Qc5 29. Rhf1 a4 30. Kg1 a3 31. Ra1 a2 32. Bd3 g6 33. c4 Qa3 34. c5 Bxc5 35. Qc7 Bd4 36. Bc4 Bxa1 37. Rxa1 Qc3 38. Rxa2 Qxc4 39. Qxc4 Bxc4 40. Rb2 h5 41. f3 h4 42. Rb4 Rc8 43. Kf2 g5 44. Ra4 f6 45. Ra7 Bf7 46. f4 Rc2+ 47. Kg1 Bd5 48. fxg5 Rxg2+ 49. Kf1 Rxg5 50. Ra5 Bc4+ 0-1